[Event "Syre Memorial op 28th"]
[Site "Issy les Moulineaux"]
[Date "2005.05.07"]
[Round "4"]
[White "Bernard, Christophe"]
[Black "Quach, Charles"]
[Result "1-0"]
[WhiteElo "2307"]
[BlackElo "2131"]
[PlyCount "89"]
[EventDate "2005.05.05"]
[EventType "swiss"]
[EventRounds "6"]
[EventCountry "FRA"]
[SourceTitle "EXT 2007"]
[Source "ChessBase"]
[SourceDate "2006.11.23"]
[SourceVersion "1"]
[SourceVersionDate "2006.11.23"]
[SourceQuality "1"]

1. d4 Nf6 2. Nf3 g6 3. c4 Bg7 4. Nc3 0-0 5. e4 d6 6. Be2 e5 7. 0-0 Nbd7 8. Re1 Re8 9. Bf1 exd4 10. Nxd4 Nc5 11. f3 Nfd7 12. Be3 c6 13. Qd2 a5 14. Rad1 a4 15. Nc2 Qb6 16. Rb1 Qc7 17. Kh1 Ne5 18. Red1 Bf8 19. b4 axb3 20. axb3 f5 21. f4 Nf7 22. Bxc5 dxc5 23. e5 Nd8 24. g3 Ne6 25. Bg2 Rd8 26. Qf2 Rxd1+ 27. Rxd1 Ra6 28. h3 Qb6 29. Rb1 Nd4 30. Nxd4 cxd4 31. Ne2 Bc5 32. Nc1 Bb4 33. Nd3 Bc3 34. b4 Qa7 35. b5 Ra2 36. Qf3 Rd2 37. bxc6 Qa2 38. Rg1 Qxc4 39. cxb7 Bxb7 40. Qxb7 Qxd3 41. Bd5+ Kh8 42. Qc8+ Kg7 43. Qg8+ Kh6 44. Qf8+ Kh5 45. g4+ 1-0

[Event "Syre Memorial op 28th"]
[Site "Issy les Moulineaux"]
[Date "2005.05.06"]
[Round "3"]
[White "Ferre, Sebastien"]
[Black "Quach, Charles"]
[Result "0-1"]
[WhiteElo "1999"]
[BlackElo "2131"]
[PlyCount "74"]
[EventDate "2005.05.05"]
[EventType "swiss"]
[EventRounds "6"]
[EventCountry "FRA"]
[SourceTitle "EXT 2007"]
[Source "ChessBase"]
[SourceDate "2006.11.23"]
[SourceVersion "1"]
[SourceVersionDate "2006.11.23"]
[SourceQuality "1"]

1. d4 Nf6 2. c4 g6 3. Nc3 Bg7 4. e4 d6 5. Nf3 0-0 6. Be2 e5 7. 0-0 Nbd7 8. d5 Nc5 9. Nd2 a5 10. b3 Bh6 11. Qc2 Ne8 12. Nf3 Bxc1 13. Qxc1 f5 14. Nd2 Nf6 15. f3 Nh5 16. Rf2 Nf4 17. Qf1 Qg5 18. Kh1 Nxg2 19. Qxg2 Qxd2 20. Nb5 Rf7 21. Bf1 Qf4 22. Re2 Qh4 23. Qg3 Qf6 24. Bg2 Nd3 25. h4 a4 26. Rd2 Nf4 27. b4 b6 28. Rad1 Ba6 29. Bf1 Kh8 30. Qg5 Qg7 31. Nc3 h6 32. Qg1 Qf6 33. Rh2 a3 34. Ne2 fxe4 35. fxe4 Nh5 36. b5 Bb7 37. Bh3 Qf3+ 0-1

[Event "Paris-ch opA"]
[Site "Paris"]
[Date "2004.07.09"]
[Round "7"]
[White "Lacrosse, Marc"]
[Black "Quach, Charles"]
[Result "1/2-1/2"]
[WhiteElo "2257"]
[BlackElo "2165"]
[PlyCount "106"]
[EventDate "2004.07.03"]
[EventType "swiss"]
[EventRounds "9"]
[EventCountry "FRA"]
[SourceTitle "EXT 2005"]
[Source "ChessBase"]
[SourceDate "2004.11.15"]
[SourceVersion "1"]
[SourceVersionDate "2004.11.15"]
[SourceQuality "1"]

1. d4 Nf6 2. c4 e6 3. Nf3 c5 4. d5 exd5 5. cxd5 d6 6. Nc3 g6 7. e4 Bg7 8. Bd3 0-0 9. h3 b5 10. Nxb5 Nxe4 11. 0-0 a6 12. Qa4 Bd7 13. Qa3 Bxb5 14. Bxb5 Qb6 15. Bd3 Nf6 16. Nd2 Nbd7 17. Nc4 Qc7 18. Bf4 Ne5 19. Nxe5 dxe5 20. Be3 e4 21. Bc4 Rfc8 22. Rac1 Nd7 23. Rfd1 Qd6 24. b3 Be5 25. Rc2 f5 26. Qc1 f4 27. Bd2 Rf8 28. Re1 e3 29. Bc3 Bxc3 30. Rxc3 exf2+ 31. Kxf2 Ne5 32. Be2 Rac8 33. Qd1 Qf6 34. Qd2 Qd6 35. Bf3 c4 36. bxc4 Nxc4 37. Qd4 Ne3 38. Rxc8 Rxc8 39. Re2 Rc1 40. Rd2 Nf5 41. Qa7 Rc7 42. Qa8+ Kg7 43. Kg1 Qb6+ 44. Kh2 Rc1 45. Rd1 Rxd1 46. Bxd1 Ng3 47. Qe8 Nf1+ 48. Kh1 Qe3 49. Qd7+ Kh6 50. Qf7 Ng3+ 51. Kh2 Nf1+ 52. Kh1 Ng3+ 53. Kh2 Nf1+ 1/2-1/2

[Event "FRA-ch qual"]
[Site "Bescanon"]
[Date "1999.08.19"]
[Round "2"]
[White "Tripoteau, Nicolas"]
[Black "Quach, Charles"]
[Result "1-0"]
[WhiteElo "2235"]
[BlackElo "2169"]
[PlyCount "79"]
[EventDate "1999.08.18"]
[EventType "swiss"]
[EventRounds "11"]
[EventCountry "FRA"]
[SourceTitle "EXT 2000"]
[Source "ChessBase"]
[SourceDate "1999.11.16"]
[SourceVersion "1"]
[SourceVersionDate "1999.11.16"]
[SourceQuality "1"]

1. e4 c5 2. Nf3 Nc6 3. d4 cxd4 4. Nxd4 Nf6 5. Nc3 d6 6. Bc4 e6 7. Bb3 Be7 8. Be3 a6 9. Qe2 Qc7 10. Rg1 b5 11. g4 Na5 12. g5 Nxb3 13. axb3 Nd7 14. Ndxb5 Qb7 15. Na3 Ne5 16. f4 Nc6 17. Nc4 Nb4 18. Nb6 Rb8 19. Ra4 d5 20. exd5 Nxd5 21. Ncxd5 exd5 22. Qd3 d4 23. Qxd4 0-0 24. Qd5 Qxd5 25. Nxd5 Bd6 26. Kf2 Bb7 27. Rd1 Rfc8 28. c3 Bf8 29. Nb6 Rc7 30. Rc4 Rxc4 31. bxc4 Be7 32. f5 Bc6 33. Ra1 Bb7 34. Rd1 Be4 35. Ra1 Bxf5 36. Rxa6 Bd3 37. b3 Bc2 38. b4 Bd3 39. Nd7 Rd8 40. Ne5 1-0

[Event "FRA-ch op FIDE"]
[Site "Paris"]
[Date "1994.??.??"]
[Round "9"]
[White "Quach, Charles"]
[Black "Bleunven, Andre"]
[Result "1/2-1/2"]
[WhiteElo "2050"]
[BlackElo "2250"]
[PlyCount "34"]
[EventDate "1994.??.??"]
[EventType "swiss"]
[EventRounds "9"]
[EventCountry "FRA"]
[SourceTitle "EXT 1998"]
[Source "ChessBase"]
[SourceDate "1997.11.17"]
[SourceVersion "1"]
[SourceVersionDate "1997.11.17"]
[SourceQuality "1"]

1. d4 f5 2. Nc3 d5 3. h3 Nf6 4. Bg5 e6 5. e3 c6 6. Bd3 Bd6 7. g4 0-0 8. gxf5 exf5 9. Qf3 Qe8 10. Bxf6 Rxf6 11. 0-0-0 Be6 12. Nge2 Na6 13. Nf4 Bf7 14. Rdg1 Bf8 15. Rg3 Nc7 16. Rhg1 Qd7 17. Nce2 Ne8 1/2-1/2

[Event "Paris Apsap op1"]
[Site "Paris"]
[Date "1993.??.??"]
[Round "4"]
[White "Quach, Charles"]
[Black "Nikcevic, Nebojsa"]
[Result "0-1"]
[WhiteElo "2050"]
[BlackElo "2405"]
[PlyCount "62"]
[EventDate "1993.??.??"]
[EventType "swiss"]
[EventRounds "9"]
[EventCountry "FRA"]
[SourceTitle "EXT 2004"]
[Source "ChessBase"]
[SourceDate "2003.11.25"]
[SourceVersion "1"]
[SourceVersionDate "2003.11.25"]
[SourceQuality "1"]

1. d4 d5 2. c4 e6 3. Nc3 c6 4. Nf3 Nf6 5. e3 Nbd7 6. Bd3 dxc4 7. Bxc4 b5 8. Bd3 a6 9. 0-0 c5 10. Re1 Bb7 11. a4 b4 12. Ne2 Bxf3 13. gxf3 cxd4 14. Nxd4 Bc5 15. Be2 0-0 16. f4 Qc7 17. Nb3 a5 18. Bf3 Rac8 19. Bd2 Bb6 20. Rc1 Qa7 21. Qe2 e5 22. Rxc8 Rxc8 23. Rc1 Re8 24. Qc4 exf4 25. Qxf4 Ne5 26. Be2 Qa8 27. Nd4 Ne4 28. Be1 Bxd4 29. exd4 Ng6 30. Qf3 Nh4 31. Qf4 Nc3 0-1